Loading...
Fine Arts - Auditory Fine Arts | 1 | 30.00 | 100% | 100% | 100% |
Fine Arts - Visual Fine Arts | 1 | 20.00 | 100% | 100% | 0% |
History - European History | 1 | 20.00 | 100% | 100% | 0% |
History - Other History | 1 | 30.00 | 100% | 100% | 100% |
History - World History | 1 | 20.00 | 100% | 100% | 0% |
Literature - World Literature | 1 | 30.00 | 100% | 100% | 100% |
Mythology | 1 | 30.00 | 100% | 100% | 100% |
Philosophy | 1 | 30.00 | 100% | 100% | 100% |
Pop Culture | 1 | 10.00 | 100% | 0% | 0% |
Religion- Edited | 1 | 30.00 | 100% | 100% | 100% |
Science - Other Science | 1 | 30.00 | 100% | 100% | 100% |
Science - Physics | 1 | 20.00 | 100% | 100% | 0% |
Social Science | 1 | 30.00 | 100% | 100% | 100% |